| 000 | 01273cam a2200277 a 4500 | ||
|---|---|---|---|
| 001 | 12934748 | ||
| 005 | 20050110152532.0 | ||
| 008 | 020918s2003 enka b 001 0 eng | ||
| 010 | _a 2002035791 | ||
| 020 | _a140390149X (pbk.) | ||
| 040 |
_aDLC _cDLC _dDLC |
||
| 050 | 0 | 0 |
_aP90 _b.W29 2003 |
| 100 | 1 |
_aWatson, James, _d1936- |
|
| 245 | 1 | 0 |
_aMedia communication : _ban introduction to theory and process / _cJames Watson. |
| 250 | _a2nd ed. | ||
| 260 |
_aHoundmills, Basingstoke, Hampshire ; _aNew York : _bPalgrave Macmillan, _c2003. |
||
| 300 |
_axv, 368 p. : _bill. ; _c24 cm. |
||
| 504 | _aIncludes bibliographical references (p. 327-348) and index. | ||
| 650 | 0 | _aMass media. | |
| 856 | 4 | 2 |
_3Contributor biographical information _uhttp://www.loc.gov/catdir/bios/hol052/2002035791.html |
| 856 | 4 | 2 |
_3Publisher description _uhttp://www.loc.gov/catdir/description/hol032/2002035791.html |
| 906 |
_a7 _bcbc _corignew _d1 _eocip _f20 _gy-gencatlg |
||
| 942 |
_2lcc _cBK |
||
| 999 |
_c36288 _d36288 |
||